000 00346nam a2200133Ia 4500
005 20260328101525.0
008 260328s9999||||xx |||||||||||||| ||und||
100 _aFerré, Felipe
245 0 _aParis Architecture contemporaine 1955-1995 /
_cFelipe Ferré
260 _bFerré
300 _a128 p.
650 _aARQUITECTURA REGIONAL
942 _cBK
999 _c9763
_d9763